| 000 | 00432nam a22001697a 4500 | ||
|---|---|---|---|
| 005 | 20250208113727.0 | ||
| 008 | 250208b |||||||| |||| 00| 0 eng d | ||
| 020 | _a9780852975688 | ||
| 050 |
_aHG1615 _bLAR |
||
| 100 | _aLargan, Mark | ||
| 245 | _aBanking operations | ||
| 250 | _a2nd | ||
| 260 |
_aCanterbury _bThe Chartered Institute of Bankers _cc2000 |
||
| 300 | _axvi, 348p | ||
| 500 | _aIncludes index | ||
| 942 |
_2lcc _cBK _n0 |
||
| 999 |
_c3658 _d3658 |
||